Statistics for South East Asian Countries Quiz in 2:00 Minutes

Click here to take the quiz!

General Stats

  • This quiz has been taken 69 times
  • The average score is 9 of 11

Answer Stats

HintAnswer% Correct
It was called Burma untill 2011Myanmar
95%
It's the world's biggest archipielago nationIndonesia
91%
It used to be called SiamThailand
91%
It has 2 capital citiesMalaysia
88%
It's home of the Marina Bay SandsSingapore
86%
It was dived by north and southVietnam
85%
Pol Pot used to govern the countryCambodia
83%
It is one of the few communist nations now at daysLaos
83%
It has lot's of oil deposits and it's a sultanateBrunei
79%
It was conquered by the Spanish EmpirePhilippines
79%
It's the only south east asian nation that isn't in ASEAN*East Timor
74%

Score Distribution

Percentile by Number Answered

Percent of People with Each Score

Your Score History

You have not taken this quiz